| 000 | 00435nam a2200169 a 4500 | ||
|---|---|---|---|
| 001 | 5467 | ||
| 003 | CDMR | ||
| 005 | 20131024122346.0 | ||
| 008 | 130130s1963||||||||||||||||||||||||||||d | ||
| 040 |
_aCDMR _bcat _cCDMR |
||
| 245 | 0 | _aPresencia actual de la radiodifusión | |
| 260 |
_aMadrid _c1963 _bEdiciones Del Movimiento |
||
| 300 | _a111 p. | ||
| 490 | 0 | _aNuevo Horizonte | |
| 650 | 0 | 4 |
_91720 _aRadiodifusió _zEspanya |
| 942 |
_cMON _2udc |
||
| 999 |
_c5467 _d5467 |
||